Introducing the colonies
Αποθηκεύτηκε σε:
| Συγγραφή απο Οργανισμό/Αρχή: | |
|---|---|
| Μορφή: | Βιβλίο |
| Γλώσσα: | English |
| Δημοσίευση: |
London :
H. M. Stationery Off.,
1952
|
| Έκδοση: | rev. ed. |
| Θέματα: | |
| Ετικέτες: |
Προσθήκη ετικέτας
Δεν υπάρχουν, Καταχωρήστε ετικέτα πρώτοι!
|
MARC
| LEADER | 00000cam a2200000 i 4500 | ||
|---|---|---|---|
| 001 | 1/61455 | ||
| 008 | 141210s1952 eng d | ||
| 035 | |l 10120055 | ||
| 040 | |a GR-MY-UA |b gre |e aacr | ||
| 041 | 0 | |a eng | |
| 082 | 0 | |a 941 |2 (23) | |
| 245 | 1 | 0 | |a Introducing the colonies |
| 250 | |a rev. ed. | ||
| 260 | |a London : |b H. M. Stationery Off., |c 1952 | ||
| 300 | |a 88 σ.; |b φωτ. χάρτης; |c 18 εκ. | ||
| 651 | 0 | |a Great Britain |x Colonies. | |
| 651 | 0 | |a Great Britain |x History. | |
| 710 | 2 | |a Great Britain |b Colonial Office. | |
| 852 | |a INST |b SAMOS |c PORFYRIADA |e 20141210 |h 941 INT |p 005300040893 |q 005300040893 |t NOLOAN |y 23 | ||
| 901 | |a BIBL3-2014-3 | ||
| 970 | |a ΣΙΤΖΙΜΗ |b ΓΙΑΣΕΜΗ |z 2014/12/10 | ||